| 000 | 00596nam a2200229Ia 4500 | ||
|---|---|---|---|
| 999 |
_c53147 _d53147 |
||
| 001 | 20186 | ||
| 003 | GE_BSU | ||
| 005 | 20250714160154.0 | ||
| 008 | 181216s2005||||enk|||||||||||||| ||eng|| | ||
| 020 | _a9780582825017 | ||
| 040 | _cGE_BSU | ||
| 080 | _a811.111(038) N-53 | ||
| 245 | _aNew Cutting EDGE. Mini-Dictionary. Elementary | ||
| 264 |
_aHarlow : _bLongman, _c2005. |
||
| 300 |
_a65 p. ; _c21cm. _e+2CD. |
||
| 541 | _h3Gel. | ||
| 653 | _aNew Cutting EDGE | ||
| 653 | _aMini-Dictionary | ||
| 653 | _aElementary | ||
| 653 | _aინგლისური ენა | ||
| 942 |
_cBK _2udc |
||